000 00322nam a2200133Ia 4500
005 20260326100032.0
008 260326s9999||||xx |||||||||||||| ||und||
100 _aStokoe, James
245 0 _aDecorative and ornamental Brickwork /
_cJames Stokoe
260 _bDover
300 _a87 p.
650 _aFACHADAS
942 _cBK
999 _c6659
_d6659